LEADER 02130nam a2200421 a 4500 001 000000013725 003 CaOOAMICUS 005 20100913121231.0 008 941103s1993 be u000 u grc r 020 $a2-503-40262-3 (pbk.) 020 $a2-503-40262-3 (hbk) 035 $a10326520 040 $aPUL(R)$bita$delep 041 0 $agrc$afre 245 00$aHagiographica Cypria :$bSancti Barnabae laudatio /$cauctore Alexandro Monacho et Sanctorum Bartholomaei et Barnabae vita e menologio imperiali deprompta / editae curante Peter Van Deun. Vita sancti Auxibii / edita curante Jacques Noret. 246 30$aSancti Barnabae laudatio 246 30$aSanctorum Bartholomaei et Barnabae vita e menologio imperiali deprompta 246 30$aVita Sancti Auxibii 260 $aTurnhout :$bBrepols ;$aLeuven :$bUniversity Press,$c1993. 300 $a261 p. ;$c25 cm 490 1 $aCorpus Christianorum.$aSeries Graeca ;$v26 500 $aComprende indici. 504 $a"Ouvrages cités en abrégé": p. [9]-13. 546 $aIntroduzioni in francese, testi in greco. 700 1 $aVan Deun, Peter.$0(OLS)http://pul/name/6209 700 1 $aNoret, Jacques,$d1939-$0(OLS)http://pul/name/7540 830 0$aCorpus Christianorum.$pSeries Graeca ;$v26.$0(OLS)http://pul/title/479 850 $aPUL 852 $aPUL$W1$xSL Cons. Gen., Altre Classi 1$y1$m2008 C 1.26$j141182$nBK-PRI$qStampati$B19300$CPULBib$Z2$F19300 $H70394 $82 941 1 $a8 996 $6020$a2-503-40262-3 (pbk.)$9(OLS)http://pul/number/17513 996 $6020$a2-503-40262-3 (hbk)$9(OLS)http://pul/number/17514 996 $6246$aSanctorum Bartholomaei et Barnabae vita e menologio imperiali deprompta$9(OLS)http://pul/title/154991 996 $6245$aHagiographica Cypria :$bSancti Barnabae laudatio$9(OLS)http://pul/title/19777 996 $6246$aSancti Barnabae laudatio$9(OLS)http://pul/title/154990 996 $6246$aVita Sancti Auxibii$9(OLS)http://pul/title/154992 996 $6260$aTurnhout :$bBrepols$9(OLS)http://pul/publisher/47850 996 $6260$aLeuven :$bUniversity Press$9(OLS)http://pul/publisher/47947 LEADER 01275nam a2200337 a 4500 001 000000155198 003 CaOOAMICUS 005 20161018123950.0 008 161018s2016 it u000 u ita r 020 $a978-88-430-8474-6* 032 $aLibriCat 040 $aPUL$bita 082 04$a103 100 1 $aSanna, Manuela.$0(OLS)http://pul/name/84541 245 10$aVico /$cManuela Sanna. 260 $aRoma :$bCarocci,$c©2016. 300 $a167 p. ;$c21 cm. 490 1 $aPensatori ;$v41 500 $aInclude indici. 504 $aBibliografia: p. 153-162. 600 14$aVico, Giambattista,$d1668-1744$xCritica e interpretazione.$0(OLS)http://pul/subject/527 650 4$aFilosofia occidentale moderna$zItalia.$0(OLS)http://pul/subject/38532 830 0$aPensatori (Carocci) ;$v41.$0(OLS)http://pul/title/151205 850 $aPUL 852 $aPUL$W1$xSL Filosofia 3$y81$m103 COLL 11.41$j178257$qDDC 21$B181475$CPULBib$Z2$F181475 $H128211 $81 941 1 $a9 996 $6020$a978-88-430-8474-6*$9(OLS)http://pul/number/161328 996 $6082$a103$9(OLS)http://pul/classification/621 996 $6245$aVico$9(OLS)http://pul/title/194841 996 $6260$aRoma :$bCarocci$9(OLS)http://pul/publisher/66917 LEADER 01119nam a2200265 a 4500 001 000000168067 003 CaOOAMICUS 005 20180607105846.0 008 180607s1981 it u000 u ita r 032 $aLibriCat 040 $aPUL$bita 100 1 $aBernardi, Ulderico.$0(OLS)http://pul/name/83929 245 10$aComunità come bisogno :$bidentità e sviluppo dell'uomo nelle culture locali /$cUlderico Bernardi. 260 $aMilano :$bJaca Book,$cc1981. 300 $a133 p. ;$c23 cm. 490 1 $aParole dell'Umana Avventura ;$v10 504 $aBibliografia in nota. 650 4$aCultura$zItalia$ySec. XX.$0(OLS)http://pul/subject/25577 830 0$aParole dell'Umana Avventura ;$v10.$0(OLS)http://pul/title/88520 850 $aPUL 852 $aPUL$W1$xDP1 Fondo Dalla Palma$y117$m4 A 62$j163153$qFondi$B195884$CPULBib$Z2$F195884 $HDal2227 $81 941 1 $a1 996 $6245$aComunità come bisogno :$bidentità e sviluppo dell'uomo nelle culture locali$9(OLS)http://pul/title/208251 996 $6260$aMilano :$bJaca Book$9(OLS)http://pul/publisher/47900